[Event "Baden-ch op U1800"]
[Site "Haslach im Kinzigtal"]
[Date "2010.06.06"]
[Round "7"]
[White "Rieger, Andre"]
[Black "Brenner, Stefan"]
[Result "1/2-1/2"]
[WhiteElo "1615"]
[BlackElo "1707"]
[PlyCount "46"]
[EventDate "2010.05.31"]
[EventType "swiss"]
[EventRounds "7"]
[EventCountry "GER"]
[SourceTitle "EXT 2011"]
[Source "ChessBase"]
[SourceDate "2010.11.26"]
[SourceVersion "1"]
[SourceVersionDate "2010.11.26"]
[SourceQuality "1"]

1. d4 Nf6 2. Nf3 d5 3. e3 e6 4. c4 c5 5. cxd5 exd5 6. Bb5+ Bd7 7. Qa4 Nc6 8. Nc3 a6 9. Bxc6 bxc6 10. Ne5 Qc7 11. Bd2 Bd6 12. f4 0-0 13. 0-0 cxd4 14. Nxd7 Qxd7 15. exd4 Rfc8 16. Rac1 Qg4 17. Qd1 Qxd1 18. Rfxd1 Rab8 19. Na4 Ne4 20. Be3 Rb4 21. b3 Rbb8 22. Rc2 Ba3 23. Rd3 Bd6 1/2-1/2

[Event "Baden-ch op U1800"]
[Site "Haslach im Kinzigtal"]
[Date "2010.06.05"]
[Round "6"]
[White "Brzezinka, Kenneth"]
[Black "Brenner, Stefan"]
[Result "1-0"]
[WhiteElo "1790"]
[BlackElo "1707"]
[PlyCount "51"]
[EventDate "2010.05.31"]
[EventType "swiss"]
[EventRounds "7"]
[EventCountry "GER"]
[SourceTitle "EXT 2011"]
[Source "ChessBase"]
[SourceDate "2010.11.26"]
[SourceVersion "1"]
[SourceVersionDate "2010.11.26"]
[SourceQuality "1"]

1. d4 Nf6 2. c4 e6 3. Nc3 Bb4 4. Qc2 0-0 5. a3 Bxc3+ 6. bxc3 b6 7. e4 h6 8. Bd3 Bb7 9. Ne2 d5 10. cxd5 exd5 11. e5 Nfd7 12. Nf4 Re8 13. Bf5 Nf8 14. 0-0 c6 15. Re1 Bc8 16. Re3 Bxf5 17. Qxf5 Nbd7 18. Nd3 Qg5 19. Qh3 Qe7 20. f4 Ne6 21. Rg3 Kh7 22. f5 Nef8 23. Rxg7+ Kxg7 24. Bxh6+ Kg8 25. f6 Nxf6 26. exf6 1-0

[Event "Baden-ch op U1800"]
[Site "Haslach im Kinzigtal"]
[Date "2010.06.01"]
[Round "2"]
[White "Merz, Raphael"]
[Black "Brenner, Stefan"]
[Result "0-1"]
[WhiteElo "1773"]
[BlackElo "1707"]
[PlyCount "72"]
[EventDate "2010.05.31"]
[EventType "swiss"]
[EventRounds "7"]
[EventCountry "GER"]
[SourceTitle "EXT 2011"]
[Source "ChessBase"]
[SourceDate "2010.11.26"]
[SourceVersion "1"]
[SourceVersionDate "2010.11.26"]
[SourceQuality "1"]

1. e4 c6 2. d4 d5 3. exd5 cxd5 4. Nf3 Nc6 5. Bb5 Nf6 6. 0-0 Bg4 7. h3 Bh5 8. c3 a6 9. Bxc6+ bxc6 10. b4 e6 11. Bb2 Bd6 12. a4 0-0 13. Qd3 Bg6 14. Qe2 Ne4 15. Nbd2 Qc7 16. Nxe4 Bxe4 17. Nd2 Bg6 18. Nf3 Rfe8 19. Ne5 Bxe5 20. dxe5 c5 21. bxc5 Qxc5 22. c4 dxc4 23. Rfc1 Rec8 24. Ba3 Qd5 25. Rc3 Bd3 26. Qe3 Qa5 27. Rac1 Qxa4 28. Qxd3 Qxa3 29. Rxc4 Qxc1+ 30. Rxc1 Rxc1+ 31. Kh2 a5 32. Qe4 Rcc8 33. Qa4 Rcb8 34. f3 h6 35. Kg3 Rb4 36. Qc6 Rab8 0-1

[Event "Baden-ch op U1800"]
[Site "Haslach im Kinzigtal"]
[Date "2010.05.31"]
[Round "1"]
[White "Brenner, Stefan"]
[Black "Gissler, Juergen"]
[Result "0-1"]
[WhiteElo "1707"]
[BlackElo "1610"]
[PlyCount "88"]
[EventDate "2010.05.31"]
[EventType "swiss"]
[EventRounds "7"]
[EventCountry "GER"]
[SourceTitle "EXT 2011"]
[Source "ChessBase"]
[SourceDate "2010.11.26"]
[SourceVersion "1"]
[SourceVersionDate "2010.11.26"]
[SourceQuality "1"]

1. c4 Nf6 2. Nc3 e5 3. g3 Nc6 4. Bg2 g6 5. Nf3 Bg7 6. d3 h6 7. 0-0 0-0 8. Rb1 d6 9. Bd2 Be6 10. Ne1 Qd7 11. Nd5 Kh7 12. Nxf6+ Bxf6 13. Bc3 Bg7 14. b4 Bh3 15. b5 Nd8 16. Nc2 Bxg2 17. Kxg2 d5 18. Nb4 d4 19. Bd2 f5 20. e3 Ne6 21. Qf3 e4 22. Qe2 Ng5 23. f4 exf3+ 24. Rxf3 Nxf3 25. Qxf3 Rfb8 26. a4 c6 27. exd4 Bxd4 28. Bf4 Rc8 29. Nc2 Bg7 30. Re1 Re8 31. Rb1 Rad8 32. Rd1 g5 33. Be3 cxb5 34. axb5 g4 35. Qf4 a6 36. bxa6 bxa6 37. Qf1 Qa4 38. Qe2 a5 39. d4 Re4 40. Ra1 Rxe3 41. Qxe3 Qxc2+ 42. Kh1 Rxd4 43. Qc1 Qe4+ 44. Kg1 Rxc4 0-1